[Event "ENCI Limburg-open C"]
[Site "Maastricht"]
[Date "2012.05.28"]
[Round "7"]
[White "Steenman, Tomas"]
[Black "De Ridder, Yulian"]
[Result "1-0"]
[WhiteElo "1208"]
[BlackElo "1137"]
[PlyCount "72"]
[EventDate "2012.05.25"]
[EventType "swiss"]
[EventRounds "7"]
[EventCountry "NED"]
[Source "P.Boonen"]
[SourceDate "2013.01.01"]

1. d4 d5 2. e3 Nc6 3. Bd3 Nf6 4. Nd2 e6 5. f4 Bd6 6. c3 Bd7 7. h3 h5 8. Qf3 Qe7
9. Ne2 O-O-O 10. b4 a6 11. e4 dxe4 12. Nxe4 g6 13. Nxd6+ cxd6 14. h4 e5 15.
fxe5 dxe5 16. Bg5 Bf5 17. Bxf5+ gxf5 18. Qxf5+ Qd7 19. Qxd7+ Rxd7 20. Bxf6 Re8
21. dxe5 Nxe5 22. Bxe5 Rxe5 23. Rd1 Rde7 24. Rd2 Kc7 25. Kd1 Re4 26. g3 R4e5
27. Rf1 Kc6 28. Nd4+ Kb6 29. Rf6+ Kc7 30. Ne2 R5e6 31. Rxe6 fxe6 32. Nf4 Kc6
33. Nxh5 Rh7 34. Nf6 Rf7 35. Ne4 e5 36. Ke2 Kb5 1-0

[Event "ENCI Limburg-open C"]
[Site "Maastricht"]
[Date "2012.05.28"]
[Round "7"]
[White "Stiefel, Marika"]
[Black "Kaiser, Anton"]
[Result "1-0"]
[WhiteElo "1645"]
[BlackElo "1192"]
[PlyCount "73"]
[EventDate "2012.05.25"]
[EventType "swiss"]
[EventRounds "7"]
[EventCountry "NED"]
[Source "P.Boonen"]
[SourceDate "2013.01.01"]

1. d4 c5 2. Nf3 cxd4 3. Nxd4 e5 4. Nb3 d5 5. e3 Nf6 6. Be2 Be7 7. O-O O-O 8.
N1d2 Nc6 9. c3 e4 10. Nd4 Ne5 11. h3 a6 12. Qc2 Bd6 13. c4 Be6 14. cxd5 Bxd5
15. Nf5 Rc8 16. Qb1 Qd7 17. Ng3 Nf3+ 18. Nxf3 exf3 19. Bxf3 Bxf3 20. gxf3 Qxh3
21. Qf5 Qh4 22. Kg2 Rc5 23. Qh3 Qg5 24. e4 Qg6 25. Be3 Rc2 26. Bd4 Kh8 27. e5
Bc5 28. Bxc5 Rxc5 29. exf6 gxf6 30. Rh1 Rg5 31. Qh6 Rg8 32. Qxg6 R8xg6 33. Rad1
f5 34. Rd8+ Kg7 35. Kf1 f4 36. Nh5+ Kh6 37. Nxf4+ 1-0

[Event "ENCI Limburg-open C"]
[Site "Maastricht"]
[Date "2012.05.28"]
[Round "7"]
[White "Swijsen, Willy"]
[Black "Cios, Maciej"]
[Result "0-1"]
[WhiteElo "1567"]
[BlackElo "1528"]
[PlyCount "50"]
[EventDate "2012.05.25"]
[EventType "swiss"]
[EventRounds "7"]
[EventCountry "NED"]
[Source "P.Boonen"]
[SourceDate "2013.01.01"]

1. d4 d5 2. Nf3 Nf6 3. e3 e6 4. Bd3 c5 5. b3 cxd4 6. exd4 Nc6 7. Nbd2 Bb4 8.
O-O Bc3 9. Rb1 Bxd4 10. Ba3 Bd7 11. Bd6 Bb6 12. Re1 Bc7 13. Ba3 Ne7 14. Ne5
Bxe5 15. Rxe5 O-O 16. Bb2 Ng6 17. Re3 Rc8 18. Rc1 Re8 19. Nf3 Ng4 20. Re1 Qc7
21. h3 Nf6 22. Bxf6 gxf6 23. Qd2 e5 24. Nh4 Nxh4 25. Bxh7+ Kxh7 0-1

[Event "ENCI Limburg-open C"]
[Site "Maastricht"]
[Date "2012.05.28"]
[Round "7"]
[White "Ulburghs, Piet"]
[Black "Daemen, Jules"]
[Result "0-1"]
[WhiteElo "1650"]
[BlackElo "1668"]
[PlyCount "92"]
[EventDate "2012.05.25"]
[EventType "swiss"]
[EventRounds "7"]
[EventCountry "NED"]
[Source "P.Boonen"]
[SourceDate "2013.01.01"]

1. c4 e5 2. g3 Nf6 3. Bg2 c6 4. d4 Qb6 5. Nf3 exd4 6. Qxd4 Qxd4 7. Nxd4 Bc5 8.
Nb3 Bb6 9. Bg5 Ng4 10. c5 Bc7 11. Bh3 d5 12. Bxg4 Bxg4 13. h3 Bd7 14. N1d2 Na6
15. a3 Be5 16. Ra2 Be6 17. e3 h6 18. Bf4 Bxf4 19. gxf4 O-O-O 20. Ra1 Rhe8 21.
f3 f6 22. Kf2 Kc7 23. Rac1 Re7 24. Nd4 Bc8 25. b4 Rde8 26. Rc3 g5 27. f5 Nb8
28. h4 Rg8 29. hxg5 Rxg5 30. Rxh6 Bxf5 31. Rxf6 Bh3 32. Rh6 Rg2+ 33. Ke1 Rg1+
34. Ke2 Rh1 35. Rf6 Nd7 36. Rf4 Rg7 37. e4 Ne5 38. Ke3 Re1+ 39. Ne2 Rg2 40. Kd4
Rexe2 41. Kxe5 Rxd2 42. Rf7+ Bd7 43. f4 Rge2 44. f5 Rxe4+ 45. Kf6 Rf2 46. Kg5
Re5 0-1

[Event "ENCI Limburg-open C"]
[Site "Maastricht"]
[Date "2012.05.28"]
[Round "7"]
[White "Valembois, Pierre"]
[Black "Lambrechts, Anne"]
[Result "0-1"]
[WhiteElo "1316"]
[BlackElo "1410"]
[PlyCount "68"]
[EventDate "2012.05.25"]
[EventType "swiss"]
[EventRounds "7"]
[EventCountry "NED"]
[Source "P.Boonen"]
[SourceDate "2013.01.01"]

1. g4 e5 2. Bg2 Nc6 3. Nc3 g6 4. Nh3 Bg7 5. d3 d6 6. Be3 Bxg4 7. Qd2 Qd7 8. Nd5
O-O-O 9. Bg5 Re8 10. Nb4 Bxh3 11. Bxc6 bxc6 12. Na6 c5 13. Qa5 Ne7 14. Nb4 cxb4
15. Qxa7 Qc6 16. f3 Qb7 17. Qa4 Nc6 18. c3 Bd7 19. cxb4 Qxb4+ 20. Qxb4 Nxb4 21.
Kf2 h6 22. Bd2 Nc6 23. a4 e4 24. a5 Bxb2 25. Ra2 Bd4+ 26. e3 Ba7 27. a6 exd3
28. Kg3 Rhg8 29. Ra3 Re5 30. Rxd3 Rb5 31. Ra1 Re8 32. e4 g5 33. h4 gxh4+ 34.
Kxh4 Bf2# 0-1

[Event "ENCI Limburg-open C"]
[Site "Maastricht"]
[Date "2012.05.28"]
[Round "7"]
[White "Vellekoop, Kees"]
[Black "Liu, Julian"]
[Result "1-0"]
[WhiteElo "1648"]
[BlackElo "1414"]
[PlyCount "61"]
[EventDate "2012.05.25"]
[EventType "swiss"]
[EventRounds "7"]
[EventCountry "NED"]
[Source "P.Boonen"]
[SourceDate "2013.01.01"]

1. e4 e6 2. d4 d5 3. e5 c5 4. c3 Nc6 5. Nf3 Qb6 6. Bd3 Nh6 7. O-O Nf5 8. Re1
cxd4 9. Bxf5 dxc3 10. Nxc3 exf5 11. Nxd5 Qd8 12. Bf4 Be6 13. Nc3 Qxd1 14. Raxd1
g6 15. Nd5 Bxd5 16. Rxd5 Bg7 17. e6 O-O 18. Rd7 fxe6 19. Rxb7 Rfe8 20. Rc1 Rec8
21. h4 a5 22. Rb6 Nb4 23. Rxc8+ Rxc8 24. Rxe6 Bxb2 25. Ng5 Bg7 26. a4 Rc4 27.
Re8+ Bf8 28. Bd6 h6 29. Rxf8+ Kg7 30. Ne6+ Kh7 31. Be5 1-0

[Event "ENCI Limburg-open C"]
[Site "Maastricht"]
[Date "2012.05.28"]
[Round "7"]
[White "Weerts, Rene"]
[Black "Oxener, Aldo"]
[Result "1/2-1/2"]
[WhiteElo "1560"]
[BlackElo "1513"]
[PlyCount "136"]
[EventDate "2012.05.25"]
[EventType "swiss"]
[EventRounds "7"]
[EventCountry "NED"]
[Source "P.Boonen"]
[SourceDate "2013.01.01"]

1. d4 Nf6 2. Nf3 e6 3. c3 c5 4. Bg5 cxd4 5. Nxd4 d5 6. Nd2 Nc6 7. e4 Be7 8. Bb5
Bd7 9. Nxc6 bxc6 10. e5 cxb5 11. exf6 Bxf6 12. Be3 O-O 13. Nf3 Bc6 14. Nd4 Bxd4
15. Bxd4 Re8 16. f4 Qh4+ 17. g3 Qh6 18. Qf3 Qg6 19. O-O a5 20. Rae1 h5 21. Re5
f5 22. Rfe1 Rac8 23. Qe3 Bd7 24. Re2 b4 25. h3 bxc3 26. Bxc3 a4 27. Rg2 Bc6 28.
Qd4 Qh7 29. g4 hxg4 30. hxg4 fxg4 31. Rxg4 Re7 32. f5 Bd7 33. f6 Rc4 34. Qd1
Rxg4+ 35. Qxg4 Rf7 36. Rg5 Qb1+ 37. Kh2 Qc2+ 38. Kg3 Qd3+ 39. Kh4 Qe4 40. Qxe4
dxe4 41. fxg7 Rf4+ 42. Kg3 Rf3+ 43. Kg2 Rf5 44. Rg6 e3 45. Rh6 e5 46. Rd6 Rg5+
47. Kf3 Rxg7 48. Kxe3 Re7 49. Ke4 Be6 50. a3 Bb3 51. Bxe5 Re6 52. Rd8+ Kf7 53.
Kd4 Ke7 54. Rb8 Ba2 55. Rb4 Bb3 56. Bf4 Re2 57. Rxb3 axb3 58. Kc3 Rf2 59. Be5
Rf3+ 60. Kb4 Kd7 61. Bc3 Kc6 62. Kxb3 Kb5 63. a4+ Ka6 64. Kc4 Rf4+ 65. Bd4 Ka5
66. b3 Rg4 67. Kc3 Rg3+ 68. Kc4 Rg4 1/2-1/2

[Event "ENCI Limburg-open C"]
[Site "Maastricht"]
[Date "2012.05.28"]
[Round "7"]
[White "Wilde, Christian"]
[Black "Beukema, Constantijn"]
[Result "1-0"]
[WhiteElo "1185"]
[BlackElo "800"]
[PlyCount "75"]
[EventDate "2012.05.25"]
[EventType "swiss"]
[EventRounds "7"]
[EventCountry "NED"]
[Source "P.Boonen"]
[SourceDate "2013.01.01"]

1. c4 e5 2. Nc3 Nc6 3. e3 Nf6 4. g3 Bc5 5. Nge2 O-O 6. Bg2 d6 7. Na4 b5 8. Nxc5
dxc5 9. Bxc6 Rb8 10. Bg2 bxc4 11. Qa4 Rb4 12. Qxa7 Bg4 13. f3 Bf5 14. e4 Be6
15. Qxc5 Qd6 16. Qxd6 cxd6 17. O-O d5 18. exd5 Bxd5 19. a4 e4 20. Nc3 exf3 21.
Bxf3 Bxf3 22. Rxf3 Re8 23. Kf2 Rb6 24. Re3 Rxe3 25. dxe3 h6 26. a5 Ra6 27. h3
g5 28. e4 Nd7 29. Be3 Kg7 30. Bd4+ Kg6 31. g4 f6 32. Nd5 h5 33. Nb6 Nxb6 34.
Bxb6 hxg4 35. hxg4 Kf7 36. Ke3 Ke6 37. Kd4 Kd6 38. Kxc4 1-0

[Event "ENCI Limburg-open Veteranen"]
[Site "Maastricht"]
[Date "2012.05.25"]
[Round "1"]
[White "Borsten, Chris"]
[Black "De Wit, Gerrit"]
[Result "0-1"]
[WhiteElo "1519"]
[BlackElo "1696"]
[PlyCount "111"]
[EventDate "2012.05.25"]
[EventType "swiss"]
[EventRounds "5"]
[EventCountry "NED"]
[Source "P.Boonen"]
[SourceDate "2013.01.01"]

1. e4 g6 2. d4 Bg7 3. Nf3 d6 4. h3 Nd7 5. Bc4 e6 6. Bg5 Bf6 7. Be3 Nb6 8. Bb3
Ne7 9. O-O Bg7 10. a4 O-O 11. a5 Nd7 12. Nbd2 e5 13. Nc4 Nc6 14. c3 Qe8 15. Re1
Kh8 16. d5 Ne7 17. Ba4 Ng8 18. Qd2 Qe7 19. Bg5 f6 20. Bh4 Rf7 21. Ne3 Bh6 22.
b4 Nf8 23. Qd3 g5 24. Bg3 f5 25. exf5 e4 26. f6 Rxf6 27. Qd4 exf3 28. Ng4 Qg7
29. Nxf6 Qxf6 30. Qxf6+ Nxf6 31. Rad1 Bf5 32. Re7 Rc8 33. c4 Kg8 34. gxf3 Ng6
35. Re2 Bxh3 36. c5 dxc5 37. bxc5 Bf8 38. d6 cxd6 39. cxd6 Rd8 40. Bb3+ Kg7 41.
Be6 Bxe6 42. Rxe6 Nf4 43. Bxf4 gxf4 44. Rb1 Rd7 45. Rb4 Kf7 46. Re1 Bxd6 47.
Rd4 Bc7 48. Rxd7+ Nxd7 49. Rb1 Nc5 50. Rb5 Bd6 51. Rb4 Ke6 52. Rb2 Bc7 53. Re2+
Kf6 54. Rc2 Ne6 55. Rb2 Nd8 56. Rb4 {.....} 0-1

[Event "ENCI Limburg-open Veteranen"]
[Site "Maastricht"]
[Date "2012.05.25"]
[Round "1"]
[White "De Kleijnen, Henk"]
[Black "Montforts, Ton"]
[Result "1-0"]
[WhiteElo "1895"]
[BlackElo "1640"]
[PlyCount "101"]
[EventDate "2012.05.25"]
[EventType "swiss"]
[EventRounds "5"]
[EventCountry "NED"]
[Source "P.Boonen"]
[SourceDate "2013.01.01"]

1. d4 Nf6 2. Nf3 d5 3. e3 Bf5 4. c4 e6 5. Qb3 Qc8 6. Nc3 c6 7. Be2 dxc4 8. Bxc4
Nbd7 9. O-O Qc7 10. h3 h6 11. Re1 b5 12. Bf1 b4 13. Ne2 Ne4 14. Bd2 Be7 15.
Rec1 Qb6 16. a3 c5 17. axb4 Nxd2 18. Nxd2 Qxb4 19. Qxb4 cxb4 20. g4 Bd3 21. Bg2
Rd8 22. Nf4 Bh7 23. Rxa7 g5 24. Ne2 Bd6 25. Ne4 Bb8 26. Rb7 Bxe4 27. Bxe4 Bd6
28. Bc6 Ke7 29. e4 f6 30. Ra1 Rh7 31. Raa7 Ke8 32. Nc1 Re7 33. Nd3 Bb8 34. Ra4
Rc8 35. Nxb4 Kd8 36. Kf1 Rc7 37. Rb5 Ba7 38. d5 Nb6 39. Ra2 Nc4 40. f3 Nd6 41.
Rba5 Rh7 42. dxe6 h5 43. Bd5 Rc1+ 44. Ke2 Bb6 45. Ra8+ Nc8 46. Nc6+ Kc7 47.
Rxc8+ Kxc8 48. Ra8+ Kc7 49. e7 Rxe7 50. Nxe7 hxg4 51. Rc8+ 1-0

[Event "ENCI Limburg-open Veteranen"]
[Site "Maastricht"]
[Date "2012.05.25"]
[Round "1"]
[White "Kwee, Tjoe Liong"]
[Black "Rikers, Jo"]
[Result "1/2-1/2"]
[WhiteElo "1690"]
[BlackElo "1442"]
[PlyCount "100"]
[EventDate "2012.05.25"]
[EventType "swiss"]
[EventRounds "5"]
[EventCountry "NED"]
[Source "P.Boonen"]
[SourceDate "2013.01.01"]

1. f4 d5 2. Nf3 Bf5 3. b3 e6 4. Bb2 Nf6 5. e3 c6 6. Be2 Bd6 7. Na3 Qe7 8. Qc1
O-O 9. O-O Nbd7 10. c4 Nc5 11. Ne5 Nfd7 12. d4 Ne4 13. Nc2 Rad8 14. Ne1 Nxe5
15. fxe5 Bb4 16. Nf3 g5 17. a3 Ba5 18. b4 Bc7 19. Qe1 Rd7 20. Nd2 Nxd2 21. Qxd2
g4 22. Qe1 Bd8 23. Rf4 Qg5 24. cxd5 cxd5 25. Rc1 Qh4 26. g3 Qh6 27. Bb5 Rc7 28.
Rxc7 Bxc7 29. Qc3 Bd8 30. Bc1 Bg5 31. Rf2 a6 32. Bf1 Rb8 33. Bg2 Qf8 34. Bxd5
Rc8 35. Qe1 exd5 36. Rxf5 Qh6 37. Bd2 Rc2 38. Kf1 Qh3+ 39. Ke2 Qg2+ 40. Kd1
Rxd2+ 41. Qxd2 Qg1+ 42. Kc2 Bxe3 43. Qd3 Bxd4 44. Rg5+ Kf8 45. Rxg4 Qg2+ 46.
Kb3 Qb2+ 47. Ka4 Bxe5 48. b5 axb5+ 49. Qxb5 Qc2+ 50. Ka5 Qc7+ 1/2-1/2

[Event "ENCI Limburg-open Veteranen"]
[Site "Maastricht"]
[Date "2012.05.25"]
[Round "1"]
[White "Schotanus, Fred"]
[Black "Schreinemachers, Jo"]
[Result "1-0"]
[WhiteElo "1760"]
[BlackElo "1544"]
[PlyCount "95"]
[EventDate "2012.05.25"]
[EventType "swiss"]
[EventRounds "5"]
[EventCountry "NED"]
[Source "P.Boonen"]
[SourceDate "2013.01.01"]

1. e4 c6 2. Nc3 d5 3. d4 dxe4 4. Nxe4 Nd7 5. Nf3 Ngf6 6. Ng3 e6 7. Bd3 c5 8. c3
cxd4 9. Nxd4 Bc5 10. Bc2 O-O 11. O-O Qb6 12. Nb3 Be7 13. Be3 Qc7 14. Qe2 b6 15.
Rad1 Bb7 16. f3 Rfd8 17. Bf2 Rac8 18. Ne4 Nxe4 19. Bxe4 Bxe4 20. Qxe4 Nc5 21.
Nxc5 Bxc5 22. Qe2 g6 23. Kh1 Bxf2 24. Qxf2 Rxd1 25. Rxd1 Rd8 26. Rxd8+ Qxd8 27.
g3 Kg7 28. Qe2 Qd5 29. c4 Qd4 30. Kg2 e5 31. b3 f5 32. Qf2 Qxf2+ 33. Kxf2 Kf6
34. Ke3 Ke6 35. b4 g5 36. a3 Kd6 37. h3 h6 38. g4 fxg4 39. hxg4 a6 40. Ke4 a5
41. Kd3 Ke6 42. Ke4 Kd6 43. Kf5 a4 44. Kg6 e4 45. fxe4 Ke5 46. Kxh6 Kxe4 47.
Kxg5 Kd3 48. c5 1-0

[Event "ENCI Limburg-open Veteranen"]
[Site "Maastricht"]
[Date "2012.05.25"]
[Round "1"]
[White "Van Pol, Thieu"]
[Black "Debusschere, Helmuth"]
[Result "0-1"]
[WhiteElo "1581"]
[BlackElo "1784"]
[PlyCount "90"]
[EventDate "2012.05.25"]
[EventType "swiss"]
[EventRounds "5"]
[EventCountry "NED"]
[Source "P.Boonen"]
[SourceDate "2013.01.01"]

1. d4 c5 2. dxc5 e6 3. b4 a5 4. c3 axb4 5. cxb4 Qf6 6. Bb2 Qxb2 7. Nd2 Qxb4 8.
Rb1 Qa5 9. e3 Nc6 10. Bc4 Qxc5 11. Rb5 Qa3 12. Ngf3 d5 13. Bb3 Ra5 14. Nb1 Qd6
15. Rxa5 Nxa5 16. O-O Nf6 17. Ba4+ Nc6 18. Qb3 Qb4 19. Qc2 Bd7 20. Rc1 Bd6 21.
Nd4 Nxd4 22. Bxd7+ Ke7 23. exd4 Nxd7 24. Nd2 Qxd4 25. Rb1 b6 26. Nf3 Qe4 27.
Qb2 f6 28. Re1 Qb4 29. Qe2 e5 30. Rd1 Qc4 31. Qd2 d4 32. Rc1 Qd5 33. Rc2 Bc5
34. Qc1 Ra8 35. Qb2 d3 36. Rd2 e4 37. Ne1 Ne5 38. Kh1 Qd4 39. Qb3 Qb4 40. Qd1
Rd8 41. Qc1 Qd4 42. g3 Rd7 43. Ng2 Nf3 44. Ne3 g6 45. Rb2 d2 0-1

[Event "ENCI Limburg-open Veteranen"]
[Site "Maastricht"]
[Date "2012.05.26"]
[Round "2"]
[White "De Wit, Gerrit"]
[Black "De Kleijnen, Henk"]
[Result "0-1"]
[WhiteElo "1696"]
[BlackElo "1895"]
[PlyCount "104"]
[EventDate "2012.05.25"]
[EventType "swiss"]
[EventRounds "5"]
[EventCountry "NED"]
[Source "P.Boonen"]
[SourceDate "2013.01.01"]

1. e4 e6 2. d4 d5 3. Nc3 Bb4 4. e5 Qd7 5. a3 Bf8 6. f4 b6 7. Bb5 c6 8. Bd3 Ba6
9. Nf3 Bxd3 10. Qxd3 c5 11. O-O Nc6 12. Kh1 g6 13. Be3 c4 14. Qd1 a6 15. b4
Nge7 16. Bf2 Bg7 17. b5 axb5 18. Nxb5 Nxe5 19. dxe5 Qxb5 20. Rb1 Qd7 21. Rxb6
O-O 22. Qb1 Nc8 23. Rb2 Ra5 24. Be1 Ra6 25. Bb4 Rd8 26. c3 Na7 27. Bd6 Bf8 28.
Rb7 Qe8 29. Ng5 Bxd6 30. exd6 Nc8 31. Nxf7 Rd7 32. Qb5 Ra7 33. Rxd7 Qxd7 34.
Qxd7 Rxd7 35. Ng5 Rxd6 36. Re1 Ra6 37. Ra1 h6 38. Nf3 Nd6 39. Nd4 Ne4 40. Ne2
Kf7 41. Kg1 Nd6 42. a4 Ne4 43. g3 Nc5 44. Nd4 Rxa4 45. Re1 Ne4 46. Rc1 Ra2 47.
Rb1 Nxc3 48. Rb6 Ne2+ 49. Nxe2 Rxe2 50. h4 h5 51. Kf1 Ra2 52. Rb8 c3 0-1

[Event "ENCI Limburg-open Veteranen"]
[Site "Maastricht"]
[Date "2012.05.26"]
[Round "2"]
[White "Debusschere, Helmuth"]
[Black "Schotanus, Fred"]
[Result "1/2-1/2"]
[WhiteElo "1784"]
[BlackElo "1760"]
[PlyCount "88"]
[EventDate "2012.05.25"]
[EventType "swiss"]
[EventRounds "5"]
[EventCountry "NED"]
[Source "P.Boonen"]
[SourceDate "2013.01.01"]

1. e4 d6 2. d4 Nf6 3. Nc3 g6 4. f3 Bg7 5. Be3 b6 6. Qd2 h5 7. O-O-O Nbd7 8. Kb1
Bb7 9. Nge2 c6 10. Nc1 Qc7 11. h4 b5 12. a3 Nb6 13. d5 a6 14. dxc6 Qxc6 15.
Bxb6 Qxb6 16. N1a2 O-O 17. Nb4 Rac8 18. Nbd5 Nxd5 19. Nxd5 Bxd5 20. Qxd5 Rc5
21. Qb3 Rfc8 22. Bd3 Kf8 23. Rc1 a5 24. a4 b4 25. c4 Rb8 26. Rhd1 Qc7 27. Be2
e6 28. g3 Rc8 29. Rc2 d5 30. exd5 exd5 31. Rxd5 Qxg3 32. Qe3 Rxd5 33. cxd5 Rxc2
34. Kxc2 Qc7+ 35. Kb3 Bf6 36. Bb5 Qe5 37. Qxe5 Bxe5 38. Kc2 Ke7 39. b3 Bg3 40.
Kd3 f6 41. Ke4 Bxh4 42. f4 Kd6 43. Be8 g5 44. fxg5 fxg5 1/2-1/2

[Event "ENCI Limburg-open Veteranen"]
[Site "Maastricht"]
[Date "2012.05.26"]
[Round "2"]
[White "Montforts, Ton"]
[Black "Kwee, Tjoe Liong"]
[Result "1/2-1/2"]
[WhiteElo "1640"]
[BlackElo "1690"]
[PlyCount "71"]
[EventDate "2012.05.25"]
[EventType "swiss"]
[EventRounds "5"]
[EventCountry "NED"]
[Source "P.Boonen"]
[SourceDate "2013.01.01"]

1. d4 Nf6 2. Nf3 e6 3. e3 c5 4. Bd3 Nc6 5. O-O d5 6. b3 cxd4 7. exd4 Bd6 8. Bb2
O-O 9. Ne5 Nb4 10. Be2 Ne4 11. a3 f6 12. f3 fxe5 13. dxe5 Bc5+ 14. Kh1 Ng3+ 15.
hxg3 Qg5 16. Bd4 Qh6+ 17. Kg1 Bxd4+ 18. Qxd4 Nxc2 19. Qc3 Nxa1 20. Qxa1 Qe3+
21. Rf2 d4 22. Bc4 Qxe5 23. Re2 Qxg3 24. Nd2 Qf4 25. Ne4 b5 26. Bxb5 Bb7 27.
Nc5 Bxf3 28. Nxe6 Qg4 29. Rf2 Qxe6 30. Rxf3 Qg4 31. Rh3 Rf4 32. Bd3 Raf8 33.
Qe1 g6 34. Bc4+ R4f7 35. Rg3 Qd7 36. Rf3 1/2-1/2

[Event "ENCI Limburg-open Veteranen"]
[Site "Maastricht"]
[Date "2012.05.26"]
[Round "2"]
[White "Rikers, Jo"]
[Black "Van Pol, Thieu"]
[Result "1/2-1/2"]
[WhiteElo "1442"]
[BlackElo "1581"]
[PlyCount "77"]
[EventDate "2012.05.25"]
[EventType "swiss"]
[EventRounds "5"]
[EventCountry "NED"]
[Source "P.Boonen"]
[SourceDate "2013.01.01"]

1. d4 d5 2. Bf4 Nf6 3. e3 Bf5 4. Bd3 Bxd3 5. Qxd3 c6 6. Nf3 Nh5 7. O-O Nxf4 8.
exf4 e6 9. Nbd2 Bd6 10. g3 Nd7 11. Rfe1 O-O 12. Ng5 Nf6 13. Ndf3 h6 14. Nh3 Qa5
15. Ne5 c5 16. c3 cxd4 17. Qxd4 Bc5 18. Qd3 Qb6 19. Rab1 Ne4 20. Qe2 Rad8 21.
Kg2 Nf6 22. g4 Be7 23. g5 hxg5 24. fxg5 Ne4 25. f4 g6 26. Nf2 Nxf2 27. Qxf2
Qxf2+ 28. Kxf2 Kg7 29. Kg3 Rh8 30. Rbd1 Bc5 31. Re2 a6 32. c4 d4 33. Nd3 Ba7
34. b4 Rd6 35. Red2 Rc8 36. Ne5 Rcd8 37. Nf3 Bb8 38. Rxd4 Rxd4 39. Rxd4 1/2-1/2

[Event "ENCI Limburg-open Veteranen"]
[Site "Maastricht"]
[Date "2012.05.26"]
[Round "2"]
[White "Schreinemachers, Jo"]
[Black "Borsten, Chris"]
[Result "1-0"]
[WhiteElo "1544"]
[BlackElo "1519"]
[PlyCount "91"]
[EventDate "2012.05.25"]
[EventType "swiss"]
[EventRounds "5"]
[EventCountry "NED"]
[Source "P.Boonen"]
[SourceDate "2013.01.01"]

1. d4 d5 2. c4 Nf6 3. cxd5 Nxd5 4. Nf3 Nc6 5. e4 Nf6 6. d5 Nb8 7. Nc3 Bg4 8.
Be2 Bxf3 9. Bxf3 e6 10. Qb3 exd5 11. Qxb7 Nbd7 12. exd5 Bd6 13. O-O O-O 14. g3
Ne5 15. Bg2 Nd3 16. Qa6 Nxc1 17. Raxc1 Rb8 18. b3 Be5 19. Qc4 Bd6 20. Rfd1 Re8
21. Nb5 Rb7 22. Nxd6 cxd6 23. Qc6 Rbe7 24. Qa6 Qb6 25. Qxb6 axb6 26. h3 Rb8 27.
Rc6 Ne8 28. Kf1 Kf8 29. f4 f5 30. Kf2 Kf7 31. Rd3 Kf6 32. Bf3 h6 33. g4 g6 34.
h4 Rc7 35. g5+ hxg5 36. hxg5+ Ke7 37. Rdc3 Kd7 38. Ke3 Rbc8 39. Rxc7+ Nxc7 40.
Rc6 Nxd5+ 41. Bxd5 Rxc6 42. Bxc6+ Kxc6 43. Kd4 d5 44. a4 Kd6 45. b4 Kc6 46. a5
1-0

[Event "ENCI Limburg-open Veteranen"]
[Site "Maastricht"]
[Date "2012.05.27"]
[Round "3"]
[White "Borsten, Chris"]
[Black "Montforts, Ton"]
[Result "1/2-1/2"]
[WhiteElo "1519"]
[BlackElo "1640"]
[PlyCount "95"]
[EventDate "2012.05.25"]
[EventType "swiss"]
[EventRounds "5"]
[EventCountry "NED"]
[Source "P.Boonen"]
[SourceDate "2013.01.01"]

1. e4 c5 2. Nf3 g6 3. d4 cxd4 4. Nxd4 Bg7 5. Nc3 Nc6 6. Nxc6 bxc6 7. Be3 Bb7 8.
Bc4 e6 9. Qd6 Bf8 10. Qe5 f6 11. Qg3 a5 12. a4 Ba6 13. Bxa6 Rxa6 14. Rd1 Bb4
15. O-O Ne7 16. Na2 c5 17. c3 Nc6 18. Nxb4 cxb4 19. Rd6 O-O 20. Rfd1 Rf7 21.
Rxe6 Qc8 22. Red6 bxc3 23. bxc3 Ne5 24. Rxa6 Qxa6 25. f4 Nc6 26. f5 g5 27. h4
h6 28. Bd4 Qe2 29. Re1 Qa2 30. e5 fxe5 31. Bxe5 Rxf5 32. Bd6 Qf7 33. hxg5 Rxg5
34. Qe3 Qd5 35. Qe8+ Kg7 36. Bf8+ Kh7 37. Qe4+ Qxe4 38. Rxe4 Rd5 39. Rh4 h5 40.
c4 Rf5 41. Bd6 Kg6 42. g4 Rg5 43. Kf2 Rxg4 44. Rxg4+ hxg4 45. Bc7 Kf5 46. Kg3
Ne5 47. Bxa5 Nxc4 48. Bc7 1/2-1/2

[Event "ENCI Limburg-open Veteranen"]
[Site "Maastricht"]
[Date "2012.05.27"]
[Round "3"]
[White "De Kleijnen, Henk"]
[Black "Debusschere, Helmuth"]
[Result "1-0"]
[WhiteElo "1895"]
[BlackElo "1784"]
[PlyCount "121"]
[EventDate "2012.05.25"]
[EventType "swiss"]
[EventRounds "5"]
[EventCountry "NED"]
[Source "P.Boonen"]
[SourceDate "2013.01.01"]

1. Nf3 Nf6 2. e3 g6 3. d4 Bg7 4. Nbd2 d5 5. Be2 O-O 6. O-O Nbd7 7. c4 c6 8. b3
Re8 9. Bb2 Nf8 10. Rc1 e6 11. Qc2 h6 12. Rfd1 N8h7 13. Bd3 Nf8 14. Ne5 N6d7 15.
f4 Nxe5 16. fxe5 h5 17. Rf1 Re7 18. Nf3 Bh6 19. Rce1 Bd7 20. Ba3 Re8 21. Qf2
Re7 22. Nd2 Be8 23. Bxe7 Qxe7 24. Nb1 Bg7 25. c5 b5 26. cxb6 axb6 27. Rc1 Bh6
28. Rc2 Bg7 29. Nd2 c5 30. Qe2 Ra5 31. Rfc1 Nh7 32. b4 Ra3 33. Nb1 Ra8 34. bxc5
Ba4 35. Rc3 bxc5 36. Rxc5 Bf8 37. Rc7 Qd8 38. Qf2 Be8 39. Qc2 Bh6 40. Qf2 Qg5
41. Re1 Qd8 42. Rc2 Ng5 43. Nd2 Ra3 44. Nb3 Bf8 45. Rec1 Ra8 46. h4 Ne4 47. Qf4
Be7 48. Bxe4 dxe4 49. g3 Ba3 50. Rd1 Qd5 51. Rf1 Qb7 52. Nd2 Bb5 53. Qxe4 Qxe4
54. Nxe4 Bxf1 55. Kxf1 Be7 56. Ke2 Rb8 57. a4 Rb4 58. Ra2 Rb1 59. a5 Bb4 60. a6
Re1+ 61. Kd3 1-0

[Event "ENCI Limburg-open Veteranen"]
[Site "Maastricht"]
[Date "2012.05.27"]
[Round "3"]
[White "Schotanus, Fred"]
[Black "De Wit, Gerrit"]
[Result "1-0"]
[WhiteElo "1760"]
[BlackElo "1696"]
[PlyCount "55"]
[EventDate "2012.05.25"]
[EventType "swiss"]
[EventRounds "5"]
[EventCountry "NED"]
[Source "P.Boonen"]
[SourceDate "2013.01.01"]

1. e4 g6 2. Nc3 Bg7 3. Nge2 c5 4. g3 Nc6 5. Bg2 e6 6. d3 Nge7 7. O-O O-O 8. Be3
d6 9. Qd2 a6 10. d4 cxd4 11. Nxd4 Nxd4 12. Bxd4 Nc6 13. Bxg7 Kxg7 14. Rfd1 Qb6
15. Na4 Qb5 16. b3 Rd8 17. c4 Qa5 18. Qxa5 Nxa5 19. Nb6 Rb8 20. Rd2 Kf8 21.
Rad1 Ke7 22. e5 d5 23. cxd5 exd5 24. Nxd5+ Kf8 25. Nf6 Rxd2 26. Rxd2 h5 27.
Rd8+ Ke7 28. Re8# 1-0

[Event "ENCI Limburg-open Veteranen"]
[Site "Maastricht"]
[Date "2012.05.27"]
[Round "3"]
[White "Schreinemachers, Jo"]
[Black "Rikers, Jo"]
[Result "1-0"]
[WhiteElo "1544"]
[BlackElo "1442"]
[PlyCount "57"]
[EventDate "2012.05.25"]
[EventType "swiss"]
[EventRounds "5"]
[EventCountry "NED"]
[Source "P.Boonen"]
[SourceDate "2013.01.01"]

1. d4 d5 2. c4 Bf5 3. Nc3 e6 4. Nf3 c6 5. e3 Bd6 6. Be2 Nd7 7. O-O Ngf6 8. Nh4
dxc4 9. Nxf5 exf5 10. Bxc4 O-O 11. Qc2 g6 12. b3 Qc7 13. g3 Rfe8 14. Bb2 Nb6
15. Be2 Nbd5 16. Rac1 Nxc3 17. Bxc3 Nd5 18. Ba1 h5 19. Bf3 Qe7 20. Rfe1 Qg5 21.
Qc4 Nb6 22. Qd3 h4 23. Kh1 Nd5 24. Bxd5 cxd5 25. f4 Qh6 26. Kg2 h3+ 27. Kg1 Kg7
28. Qb5 g5 29. Qxd5 {.....} 1-0